<?xml version="1.0" encoding="UTF-8"?><?xml-stylesheet type="text/xsl" href="static/style.xsl"?><OAI-PMH xmlns="http://www.openarchives.org/OAI/2.0/" xmlns:xsi="http://www.w3.org/2001/XMLSchema-instance" xsi:schemaLocation="http://www.openarchives.org/OAI/2.0/ http://www.openarchives.org/OAI/2.0/OAI-PMH.xsd"><responseDate>2026-04-14T16:58:34Z</responseDate><request verb="GetRecord" identifier="oai:uvadoc.uva.es:10324/72013" metadataPrefix="marc">https://uvadoc.uva.es/oai/request</request><GetRecord><record><header><identifier>oai:uvadoc.uva.es:10324/72013</identifier><datestamp>2025-01-10T07:49:29Z</datestamp><setSpec>com_10324_38</setSpec><setSpec>col_10324_852</setSpec></header><metadata><record xmlns="http://www.loc.gov/MARC21/slim" xmlns:doc="http://www.lyncode.com/xoai" xmlns:xsi="http://www.w3.org/2001/XMLSchema-instance" xmlns:dcterms="http://purl.org/dc/terms/" xsi:schemaLocation="http://www.loc.gov/MARC21/slim http://www.loc.gov/standards/marcxml/schema/MARC21slim.xsd">
<leader>00925njm 22002777a 4500</leader>
<datafield tag="042" ind1=" " ind2=" ">
<subfield code="a">dc</subfield>
</datafield>
<datafield tag="720" ind1=" " ind2=" ">
<subfield code="a">Sánchez Izard, Guillermo</subfield>
<subfield code="e">author</subfield>
</datafield>
<datafield tag="260" ind1=" " ind2=" ">
<subfield code="c">2024</subfield>
</datafield>
<datafield tag="520" ind1=" " ind2=" ">
<subfield code="a">Los desafíos derivados del cambio climático han provocado que los países estén&#xd;
tomando medidas para reducir las emisiones producidas, uno de los principales &#xd;
objetivos es reducir las emisiones derivadas de los automóviles, es por ello por lo que se &#xd;
está fomentando la compra y uso del vehículo eléctrico que no emite CO2 a la atmósfera&#xd;
frente al de combustión interna.&#xd;
Entre las medidas que se están implementando se encuentra ayudas y subvenciones &#xd;
para la compra de este tipo de vehículos, así como regulaciones que prohíben la venta &#xd;
de vehículos contaminantes. Todo esto, junto con la creciente preocupación de los &#xd;
ciudadanos por el medioambiente, ha llevado a se espere una cuota de mercado global &#xd;
del 68% para el año 2035.&#xd;
La importancia del coche eléctrico de cara hacia el futuro es innegable, por ello &#xd;
analizaremos dicho sector en el que indagaremos de forma más concreta en la oferta y &#xd;
demanda, las infraestructuras necesarias, el análisis del macroentorno y lo que se puede &#xd;
esperar de este sector de cara al futuro</subfield>
</datafield>
<datafield tag="024" ind2=" " ind1="8">
<subfield code="a">https://uvadoc.uva.es/handle/10324/72013</subfield>
</datafield>
<datafield ind1=" " ind2=" " tag="653">
<subfield code="a">Vehículos eléctricos</subfield>
</datafield>
<datafield tag="245" ind1="0" ind2="0">
<subfield code="a">Análisis del coche eléctrico en Europa</subfield>
</datafield>
</record></metadata></record></GetRecord></OAI-PMH>